Shahjahabad (Record no. 519855)

000 -LEADER
fixed length control field 00225nam a22000977a 4500
082 ## - DEWEY DECIMAL CLASSIFICATION NUMBER
Classification number TNC A6x5444 Ch114
100 ## - MAIN ENTRY--PERSONAL NAME
Personal name Chenoy, Shama mitra
9 (RLIN) 31083
245 ## - TITLE STATEMENT
Title Shahjahabad
260 ## - PUBLICATION, DISTRIBUTION, ETC. (IMPRINT)
Place of publication, distribution, etc New Delhi
Name of publisher, distributor, etc Nehru Memorial
300 ## - PHYSICAL DESCRIPTION
Extent 53p.
Holdings
Withdrawn status Lost status Source of classification or shelving scheme Damaged status Koha normalized classification for sorting Not for loan Permanent location Current location Date acquired Full call number Barcode Date last seen Price effective from Koha item type
        TNC_A6X5444_CH114   Indian Institute of Public Administration Indian Institute of Public Administration 2022-05-10 TNC A6x5444 Ch114 GR24004 2022-05-10 2022-05-10 GR

Powered by Koha